01620nam a2200313 a 4500001001000000003000900010005001700019007000300036008004100039020001800080040002500098082002800123100005900151245009900210250001200309260006400321300002100385590002600406650002800432650003100460910003700491942001400528952013600542952016800678952013700846952016800983952013801151999001701289000047446DO-SdBNP20240412074306.0ta180529s2016 dr a 000 p spa d a9789945082883 aDO-SdBNPbspacBNPHU 4222aRD861.44bE56c 20161 aEncarnación Antuna, César Bolívar,d1962-97280510aCubin Loasto & otros poemas :b(poesía mística) /cCésar Bolívar Encarnación Antuna. a2a. ed. aBonao, República Dominicana :bImpresos Gutenberg,c2016. a153 p. ;c21 cm. aInventariado, 2018/DG14aPoesía dominicana96610aLiteratura dominicana.967 aValidado. Control de calidad MFF 2ddccLBS1 00102ddc56708DSaBNPHUbDOcHDd2019-04-05eCompral0oBNPHU DS RD861.44 E56c 2016p47446-30r2020-06-25te.3w2020-06-25yLFDS 00102ddc56708DSaBNPHUbDOcHDd2019-04-05eDonado / César Bolivar Encarnaciónl0oBNPHU DS RD861.44 E56c 2016p47446-40r2020-09-07te.4w2020-06-25yLFDS 00102ddc56708DSaBNPHUbDOcHDd2019-04-05eCompral0oBNPHU DS RD861.44 E56c 2016p47446-50r2020-06-25te. 5w2020-06-25yLFDS 00102ddc51708PDaBNPHUbPDcHDd2018-05-29eDonación / César Bolivar Encarnaciónl0oBNPHU PD RD861.44 E56c, 2016p47446-10r2020-06-25w2020-06-25yLFPD 00102ddc51708PDaBNPHUbPDcHDd2018-05-29eCompral0oBNPHU PD RD861.44 E56c, 2016p47446-20r2020-06-25te. 2w2020-06-25yLFPD c46934d46934